000 01393cam a2200277 4500500
005 20260208004954.0
041 _afre
042 _adc
100 1 0 _aGhorra-Gobin, Cynthia
_eauthor
245 0 0 _aTerritoires et représentations : l'imagination géographique de la société américaine
260 _c2006.
500 _a85
520 _aThe American territory has been used to foster an interpretative dimension to take into account the geographical imagination of American society within the frame of its historical experience. Americans have transferred their notion of the frontier, from a continental scale to a planetary scale, facilitating thus the access of their industry to the global economy. The myth of the frontier also casts a light on the current debate over the poor fit of local administrative borders when the spacial expansion of the labor market encompasses the metropolitan scale as a whole.
690 _acarte
690 _aimagination
690 _amarché
690 _asociété
690 _aterritoire
690 _aimagination
690 _amap
690 _amarket
690 _asociety
690 _aterritory
786 0 _nRevue française d’études américaines | 108 | 2 | 2006-09-01 | p. 84-97 | 0397-7870
856 4 1 _uhttps://shs.cairn.info/revue-francaise-d-etudes-americaines-2006-2-page-84?lang=fr&redirect-ssocas=7080
999 _c1649999
_d1649999